1873 1849 1739 1709 1509 1875 1530 1210 1420 1697 1961 1153 1206 1827 1951 1179 1852 1831 1916 1409 1702 1926 1194 1950 1927 1440 1247 1888 1697 1129 1560 1470 1337 1001 1840 1678 1695 1773 1738 1504 1369 1552 1538 1070 1153 1883 1508 1124 1652 1097 1537 1032 1377 1121 1528 1780 1570 1514 1771 1343 1784 1637 1577 1136 1888 1721 1008 1657 1558 1501 1404 1984 1612 1082 1080 1307 1650 1155 1705 1456 1525 1017 1929 1920 1452 1573 1702 1832 1053 1697 1339 1998 1947 1215 1445 1244 1847 1504 1936 BCNSPRNW ULIB Ver.6.0+V

เปลี่ยนเป็นภาษาไทย

Change to English
 แสดงรายละเอียดบรรณานุกรม
  กลับหน้าหลัก

Brief Record : Get Marc (ISO 2709) : E-mail record : QR code < ปิดหน้าต่าง
LEADER : 00000nam 2200000uu 4500
001    13399112864
003     ULIB
008    110914s2554||||th 000 0 tha d
020    9746434349 (เล่ม 2)
060 04 HM263^bม246ส ล2
245 00 เอกสารการสอนชุดวิชา สุขศึกษาและการประชาสัมพันธ์งานสาธารณสุข หน่วยที่ 9-15=^bHealth education and public relations for public health work /^cอดิศักด์ สัตย์ธรรม ... [และคนอื่นฯ]
246 31 Health education and public relations for public health work
250    ปรับปรุงครั้งที่ 1 พิมพ์ครั้งที่ 10
260    นนทบุรี :^bสำนักพิมพ์มหาวิทยาลัยสุโขทัยธรรมาธิราช,^c2554
300    2 เล่ม :^bภาพประกอบ ;^c30 ซม.
650  4 การประชาสัมพันธ์
650  4 การประชาสัมพันธ์^xสาธารณสุข
650  4 สาธารณสุข
650  4 สุขศึกษา
945    ^p264^l0^i030492
945    ^p264^l0^i030493
945    ^p264^l0^i030494
945    ^p264^l0^i030495
945    ^p264^l0^i030496
945    ^p264^l0^i030497
945    ^p264^l0^i030498
945    ^p264^l0^i030783
945    ^p264^l0^i030784
945    ^p264^l0^i030785
995    เกษร
999 ^a ใช้งานได้ทุกระบบ
รายการนี้ยังไม่มีแท็ก
คุณยังไม่ได้ล็อกอิน คุณสามารถมีกิจกรรมร่วมกับเว็บไซต์ได้ แต่ต้องล็อกอินก่อน ::
  ล็อกอิน

รายการสื่อสารสนเทศ

ลำดับที่ ประเภท เลขเรียก/บาร์โค้ด สถานที่ สถานะ
- ไม่พบข้อมูล -

รายการใกล้เคียง
    หัวเรื่อง [การประชาสัมพันธ์]
    หัวเรื่อง [สาธารณสุข]
    หัวเรื่อง [สุขศึกษา]

BibComment


ยังไม่เคยถูกคอมเมนท์

คอมเมนท์ทรัพยากรรายการนี้
  คอมเมนท์: เอกสารการสอนชุดวิ..


 Copyright 2026. Bcnsprnw @Library